000
00298nam a22001457a 4500
003
SGT
082
_a
615
_b
R16R
100
_a
RANG, H.P.
245
_a
RANG & DALE'S PHARMACOLOGY
250
_a
8TH
260
_a
INDIA
_b
ELSEVIER
_c
2016
300
_a
759
650
_a
PHARMACOLOGY
942
_2
ddc
_c
BK
999
_c
14108
_d
14108